ជម្ងឺរលាកស្បូនរបស់មេគោនៅប្រទេសកម្ពូជា (Record no. 1732)

000 -LEADER
fixed length control field 00516nam a22001577a 4500
003 - CONTROL NUMBER IDENTIFIER
control field OSt
005 - DATE AND TIME OF LATEST TRANSACTION
control field 20151003091229.0
008 - FIXED-LENGTH DATA ELEMENTS--GENERAL INFORMATION
fixed length control field 151003b xxu||||| |||| 00| 0 eng d
040 ## - CATALOGING SOURCE
Transcribing agency RUA
082 ## - DEWEY DECIMAL CLASSIFICATION NUMBER
Classification number AVM ម៉ក់ 1992​ B066 Or.1
100 ## - MAIN ENTRY--PERSONAL NAME
9 (RLIN) 1835
Personal name ម៉ក់ សិទ្ធិរិទ្ធ
245 ## - TITLE STATEMENT
Title ជម្ងឺរលាកស្បូនរបស់មេគោនៅប្រទេសកម្ពូជា
260 ## - PUBLICATION, DISTRIBUTION, ETC. (IMPRINT)
Place of publication, distribution, etc. Phnom Penh
Name of publisher, distributor, etc. RUA
Date of publication, distribution, etc. 1992
300 ## - PHYSICAL DESCRIPTION
Extent 82p.
Other physical details ill.
Dimensions 29cm.
942 ## - ADDED ENTRY ELEMENTS (KOHA)
Source of classification or shelving scheme
Koha item type AVM
Holdings
Price effective from Date last seen Permanent Location Not for loan Date acquired Source of classification or shelving scheme Koha item type Lost status Withdrawn status Date last checked out Total Checkouts Shelving location Damaged status Barcode Current Location Full call number
2015-10-032018-08-08Library Block B 2015-10-03 AVM  2018-08-012B066 RUA007554Library Block BAVM ម៉ក់ 1992​ B066 Or.1
2015-10-032015-10-03Library Block B 2015-10-03 AVM    B066 RUA007190Library Block BAVM ម៉ក់ 1992​ B066 Or.2
2015-10-032016-05-26Library Block B 2015-10-03 AVM  2016-05-191B066 RUA008348Library Block BAVM ម៉ក់ 1992​ B066 Or.3
2015-10-032017-10-06Library Block B 2015-10-03 AVM  2017-08-261B066 RUA007625Library Block BAVM ម៉ក់ 1992​ B066 Or.4
មជ្ឈមណ្ឌលឯការនៃសាកលវិទ្យាល័យភូមិន្ទកសិកម្មចំការដូង

Powered by Koha